000 00307nam a22001337a 4500
008 170928b xxu||||| |||| 00| 0 eng d
020 _a9780028199221
041 _aeng
080 _27 ED
_a37
100 _a47
101 _aEDU
245 _aTHE GREGG REFERENCE MANUAL
_cSABIN.W.A
942 _2udc
_cBK
999 _c30519
_d30519